| 000 | 01104nas a2200313 4500 | ||
|---|---|---|---|
| 001 | BR8400918 | ||
| 003 | BR-BrBNA | ||
| 005 | 20231205085813.0 | ||
| 007 | ta | ||
| 008 | 230509b bl.|||p| |||| 00| 00por d | ||
| 040 |
_aBR-BrBNA _bpor _cBiblioteca Nacional de Agricultura |
||
| 041 | _a(Pt) | ||
| 072 | _aL10; L50 | ||
| 100 | 1 | _aMarques, L.F.A. | |
| 100 | 1 | _aMilagres, J.C. | |
| 100 | 1 | _aSilva, M. de A. | |
| 100 | 1 | _aCastro, A.C.G. | |
| 245 | 1 |
_aFatores geneticos que influenciam o crescimento de gado Guzera em regioes do Espirito Santo e Minas Gerais [Brasil] _bParte de tese |
|
| 246 | 1 |
_aGenetic parameters for the growth of Guzera cattle in areas of Espirito Santo and Minas Gerais [Brazil] _b[Part of thesis] |
|
| 650 | _aCRESCIMENTO | ||
| 650 | _aGADO GUZERA | ||
| 650 | _aFATOR DE CRESCIMENTO | ||
| 650 | _aGENETICA ANIMAL | ||
| 650 | _aESPIRITO SANTO | ||
| 650 | _aMINAS GERAIS | ||
| 773 | 0 |
_tRevista da Sociedade Brasileira de Zootecnia (Brazil) _xISSN 0100-4859 _g(1983), v. 12(2) p. 200-212 _wBR8400918 |
|
| 909 |
_a202311 _bLúcia _c55 _dLúcia Elande |
||
| 942 |
_2AGRIS _n0 _cANA |
||
| 999 |
_c113923 _d113923 |
||